Estatutos reformados del Ateneo de Villanueva y Geltrú
Descripción Física:
18 p. ; 16 cm
MARC
| LEADER | 00000nam a2200000Ia 4500 | ||
|---|---|---|---|
| 001 | 11689 | ||
| 003 | BGR | ||
| 005 | 20260410113713.0 | ||
| 008 | 160829s9999 xx 000 0 cat d | ||
| 080 | |a RF-12-96 | ||
| 110 | 2 | |a Ateneu de Vilanova i la Geltrú |9 70537 | |
| 245 | |a Estatutos reformados del Ateneo de Villanueva y Geltrú | ||
| 260 | |a Vilanova i la Geltrú : |b (Imp. Económica), [1920] | ||
| 300 | |a 18 p. ; |c 16 cm | ||
| 590 | |a Prové de Q-275, exp. 60 | ||
| 650 | |a Ateneu de Vilanova i la Geltrú |x Estatuts |9 46934 | ||
| 856 | 4 | |u https://media.diba.cat/diba/fitxers/arxiu/fulletons/bib_11689_1920_baixa.pdf |y Accés lliure | |
| 856 | 4 | |u https://media.diba.cat/diba/fitxers/arxiu/fulletons/bib_11689_1920_baixa.pdf |y Accés lliure | |
| 900 | |a bib_11689_1920_baixa.pdf | ||
| 901 | |a Arxiu | ||
| 942 | |n 1 |2 udc |c MON | ||
| 952 | |0 0 |1 0 |4 0 |6 RF1296 |7 1 |9 53542 |a Arxiu |b Arxiu |d 2016-12-01 |l 0 |o RF-12-96 |p 11689 |r 2016-12-01 00:00:00 |w 2016-12-01 |y ARXIU | ||
| 999 | |c 57408 |d 57408 | ||